Estudios políticos / (Record no. 158375)

MARC details
000 -LEADER
campo de control de longitud fija 01021nam a22002175i 4500
001 - NÚMERO DE CONTROL
campo de control 158375
003 - IDENTIFICADOR DE NÚMERO DE CONTROL
campo de control ES-MaACL
005 - FECHA Y HORA DE LA ÚLTIMA TRANSACCIÓN
campo de control 20230906211121.0
008 - DATOS DE LONGITUD FIJA--INFORMACIÓN GENERAL
campo de control de longitud fija 940301s1879 sp |||| | spa d
040 ## - FUENTE DE CATALOGACIÓN
Centro catalogador/agencia de origen AS
Lengua de catalogación spa
100 0# - ENTRADA PRINCIPAL--NOMBRE DE PERSONA
Nombre de persona Macaulay, Thomas Babington Macaulay
Títulos y otros términos asociados al nombre Baron.
9 (RLIN) 75067
245 10 - MENCIÓN DEL TÍTULO
Título Estudios políticos /
Mención de responsabilidad, etc. por Lord Macaulay ; traducción directa del inglés por M. Juderías Bender.
260 ## - PUBLICACIÓN, DISTRIBUCIÓN, ETC.
Lugar de publicación, distribución, etc. Madrid :
Nombre del editor, distribuidor, etc. [s.n.],
Fecha de publicación, distribución, etc. 1879 (
Fabricante Imprenta Central a cargo de Victor Sáiz)
300 ## - DESCRIPCIÓN FÍSICA
Extensión VIII, 406 p. ;
Dimensiones 19 cm.
490 1# - MENCIÓN DE SERIE
Mención de serie Biblioteca clásica ;
Designación de volumen o secuencia 19
505 8# - NOTA DE CONTENIDO CON FORMATO
Nota de contenido con formato Revolución de Inglaterra ; Historia constitucional de Inglaterra ; El pontificado ; De las relaciones de la Iglesia y del Estado ; Del gobierno ; Diálogo entre Milton y Cowley sobre la gran guerra civil de Inglaterra / transcrito por un abogado del Midle-Temple
700 1# - ENTRADA AGREGADA--NOMBRE PERSONAL
Nombre de persona Juderías Bender, Mariano.
9 (RLIN) 128389
830 0# - PUNTO DE ACCESO ADICIONAL DE SERIE-TÍTULO UNIFORME
Título uniforme Biblioteca clásica ;
Designación de volumen o secuencia 19
9 (RLIN) 180370
852 ## - LOCALIZACIÓN
Ubicación ES-MaACL
Número de control de estantería F-13134
Nota libre -- Enc. tela
Holdings
Estatus retirado Estado de pérdida Estado de daño No para préstamo Colección Biblioteca de origen Biblioteca actual Ubicación en estantería Fecha de adquisición Fuente de adquisición Total de préstamos Signatura topográfica completa Código de barras Visto por última vez Precio de reemplazo Tipo de ítem Koha
        Libros del s. XIX Biblioteca del Ateneo de Madrid Biblioteca del Ateneo de Madrid Sala Pecera Planta 2 17/01/2008     F-13134 1165759 23/02/2023 23/02/2023 Libro impreso antiguo